00964nam a22002417a 450000500170000001000150001702000260003203500130005803700130007108200240008410000240010824500670013226000380019927000710023730000450030850000260035350000900037950000570046952000510052665000610057765000520063865000320069020140909154825.0 aENG-110786 a9788183875158c995.00 aEN-94318 bDBAD/PUB a305.230869420954133 aMohapatra, Samapika aExploring slum children's life- world /cby Samapika Mohapatra aDelhibSerials Publicationsc2012 a4830/24,Prahlad street, Ansari Road ,Darya GanjbNew Delhie110002 ax,256p. :c23cm(pbk)b ill., folded map  aFolded map tipped in  a Originally presented as the author’s thesis (Ph. D.)--Jawaharlal Nehru University. a Includes bibliographical references (p. [241]-256). aStudy conducted in Bhubaneswar, Orissa, India. a Poor childrenzIndia zBhubaneswar xSocial conditions. aPoor children xEducation zIndiazBhubaneswar. a SlumszIndiazBhubaneswar.